|
|
|
|
| LEADER |
00000nam0a2200000 4500 |
| 001 |
252278 |
| 005 |
20231101232732.0 |
| 035 |
|
|
|a (RuTPU)RU\TPU\book\274609
|
| 090 |
|
|
|a 252278
|
| 100 |
|
|
|a 20140228d1955 m y0rusy50 ca
|
| 101 |
0 |
|
|a rus
|
| 102 |
|
|
|a RU
|
| 105 |
|
|
|a a z 000ay
|
| 200 |
1 |
|
|a Левша: Сказ о тульском косом левше и о стальной блохе
|f Н. С. Лесков
|g худож. Н. В. Кузьмин
|
| 210 |
|
|
|a Москва
|c Государственное издательство художественной литературы
|d 1955
|
| 215 |
|
|
|a 94 с.
|c ил.
|
| 606 |
1 |
|
|a Русская литература, дореволюционная
|2 stltpush
|3 (RuTPU)RU\TPU\subj\26371
|9 50314
|
| 610 |
1 |
|
|a художественная литература
|
| 610 |
1 |
|
|a Россия
|
| 610 |
1 |
|
|a Тульская губерния
|
| 610 |
1 |
|
|a мастеровые
|
| 610 |
1 |
|
|a сказы
|
| 675 |
|
|
|a Р1
|v 3
|
| 700 |
|
1 |
|a Лесков
|b Н. С.
|c русский писатель
|f 1831-1895
|g Николай Семенович
|2 stltpush
|3 (RuTPU)RU\TPU\pers\6063
|4 070
|9 1188
|
| 702 |
|
1 |
|a Кузьмин
|b Н. В.
|4 440
|
| 801 |
|
1 |
|a RU
|b 63413507
|c 20140228
|
| 801 |
|
2 |
|a RU
|b 63413507
|c 20211111
|g RCR
|
| 942 |
|
|
|c BK
|